| 000 | 00367nam a2200157Ia 4500 | ||
|---|---|---|---|
| 008 | 230312s9999||||xx |||||||||||||| ||und|| | ||
| 020 | _a0-314-74128-3 | ||
| 082 |
_a301 _bBRI |
||
| 100 | _aBrinkerhoff, David | ||
| 245 | 0 | _aSociology | |
| 260 |
_bWEST _aNew York _c1991 |
||
| 300 | _a681 | ||
| 546 | _aEng. | ||
| 650 |
_aEconomics _vThe study of society |
||
| 942 | _cBK | ||
| 999 |
_c2779 _d2779 |
||